Maqalat-E-Haali, Part 1 (Record no. 6633)

MARC details
000 -LEADER
fixed length control field 00632nam a2200253 a 4500
020 ## - INTERNATIONAL STANDARD BOOK NUMBER
ISBN
082 00 - DEWEY DECIMAL CLASSIFICATION NUMBER
Classification number 891.4394
Author Cutter HAA
100 ## - MAIN ENTRY--AUTHOR NAME
Author name Haali, Altaf Hussain
245 ## - TITLE STATEMENT
Title Maqalat-E-Haali, Part 1
260 ## - PUBLICATION, DISTRIBUTION, ETC. (IMPRINT)
Place of publication Pakistan
Name of publisher Anjuman Taraqi Urdu
Year of publication 1957
300 ## - PHYSICAL DESCRIPTION
Number of Pages 310p
500 ## - GENERAL NOTE
General note includes index and biblioraphy
505 2# - FORMATTED CONTENTS NOTE
Formatted contents note Index
650 ## - SUBJECT ADDED ENTRY--TOPICAL TERM
Topical Term Urdu-Literature-hali
650 ## - SUBJECT ADDED ENTRY--TOPICAL TERM
Topical Term Hali-Altaf Hussain-Essays
942 ## - ADDED ENTRY ELEMENTS (KOHA)
Koha item type Books
700 1# -
-- Haali, Altaf Hussain
Holdings
Collection code Home library Current library Date acquired Cost, normal purchase price Full call number Accession Number Koha item type
  Henry Martyn Institute Library Henry Martyn Institute Library 06/01/2007 100.00 891.4394 HAA 013155 Books
                   Copyright © 2026 | Henry Martyn Institute | Hyderabad | TS-500052 | INDIA | Implemented by hmi.edu.in
Hit-Count:

Powered by Koha